Statistics for Name The City Quiz

Click here to take the quiz!

General Stats

  • This quiz has been taken 10 times
  • The average score is 8 of 14

Answer Stats

Answer% Correct
New York City
100%
Tokyo
100%
Beijing
90%
London
80%
Dubai
70%
Paris
70%
Cape Town
60%
Shanghai
50%
Los Angeles
40%
Bangkok
30%
Miami
30%
Moscow
30%
Chicago
20%
Nairobi
20%

Score Distribution

Percentile by Number Answered

Percent of People with Each Score

Your Score History

You have not taken this quiz